La intervención de tercero en el proceso canónico
Salvato in:
| Autore principale: | |
|---|---|
| Natura: | Libro |
| Lingua: | spagnolo |
| Pubblicazione: |
Pamplona
Eunsa
1982
|
| Serie: | Canónica de la Universidad de Navarra
|
| Soggetti: | |
| Tags: |
Aggiungi Tag
Nessun Tag, puoi essere il primo ad aggiungerne!!
|
MARC
| LEADER | 00000nam a2200000 a 4500 | ||
|---|---|---|---|
| 001 | UCT7937 | ||
| 003 | CL-VaPUC | ||
| 008 | 970317e19820000SP |||||||||||||||||spa|d | ||
| 082 | 0 | 4 | |a 262.934 |b MAD |2 21 |
| 100 | |a Madero, Luis |e autor |9 379274 | ||
| 245 | 1 | 3 | |a La intervención de tercero en el proceso canónico |
| 300 | |a 315 p | ||
| 942 | |c BK | ||
| 945 | |d 19970317 00:00:00 |a paguirre | ||
| 260 | |a Pamplona |b Eunsa |c 1982 | ||
| 650 | 7 | |a DERECHO CANONICO |2 CL-VaPUC |9 379275 | |
| 650 | 7 | |a PROCEDIMIENTOS LEGALES |2 CL-VaPUC |9 379222 | |
| 650 | 0 | |a Ordenamiento jurídico |9 355371 | |
| 650 | 0 | |a Iglesia Católica |9 256114 | |
| 583 | |a last modification |c 19970317 00:00:00 |k Rodrigo Vera | ||
| 490 | 0 | |a Canónica de la Universidad de Navarra | |
| 999 | |c 256483 |d 256481 | ||
| 952 | |0 0 |1 0 |4 0 |6 262_934000000000000_MAD_1982 |7 0 |8 A |9 279245 |a BIBDER |b BIBDER |d 2019-11-19 |i 1809865 |o 262.934 MAD 1982 |p 1809865 |r 2023-01-25 |w 2019-11-19 |y BK |k DER | ||